000 00328nam a22001457a 4500
008 ||||| |||| 00| 0 eng d
020 _a210310b 9780534947286
041 _aeng
080 _a004
082 _a004
100 _a28
101 _aSHKI
245 _aIntroduction the Theory of Computation
_cSipser,M
942 _2udc
_cBK
999 _c56260
_d56260